000 00750nam a22002177a 4500
999 _c164639
_d164639
005 20190523161502.0
008 090109t xxu||||| |||| 00| 0urd d
010 _aB-283698
020 _c125.00
_a8182232732
035 _aB-283698
037 _bBPPD/Ven
040 _aDPL
_bUrd.
082 _a841.092
100 _912785
_aاضہر جاويد
245 _a ناکامِ محبت ساحر لدھیانوی
_bاضہر جاويد
246 _aNAKAM-E-MOHABBAT SAHIR LUDHYANVI
_bby Azhar Javed
260 _aDelhi
_c2008
_bEducational Publishing House
270 _a3108, Gali Vakil, Kucha Pandit, Lal Kuan
_bNew Delhi
_e110006
_k011 23216162
_l-9101123211542
300 _a156 ص
_c23 س م (Hb)
942 _2ddc
_cUR
_h841
_m.092